Evaluation of the formulated antimicrobial soap from local grape (Vitis Vinifera) fruit extract (Record no. 9526)
[ view plain ]
| 000 -LEADER | |
|---|---|
| fixed length control field | 00589nam a22001697a 4500 |
| 003 - CONTROL NUMBER IDENTIFIER | |
| control field | OSt |
| 005 - DATE AND TIME OF LATEST TRANSACTION | |
| control field | 20171010095438.0 |
| 008 - FIXED-LENGTH DATA ELEMENTS--GENERAL INFORMATION | |
| fixed length control field | 120531t xxu||||| |||| 00| 0 eng d |
| 040 ## - CATALOGING SOURCE | |
| Original cataloging agency | MMSU |
| Transcribing agency | ULS |
| 100 ## - MAIN ENTRY--PERSONAL NAME | |
| Personal name | Pascua, Lenie G. |
| 9 (RLIN) | 9820 |
| 245 ## - TITLE STATEMENT | |
| Title | Evaluation of the formulated antimicrobial soap from local grape (Vitis Vinifera) fruit extract |
| Statement of responsibility, etc. | Lenie G. Pascua |
| 260 ## - PUBLICATION, DISTRIBUTION, ETC. | |
| Date of publication, distribution, etc. | 2007 |
| 300 ## - PHYSICAL DESCRIPTION | |
| Extent | xvii, 65 leaves |
| Dimensions | 28 cm. |
| 500 ## - GENERAL NOTE | |
| General note | Thesis (BS Biology) -- Mariano Marcos State University-College of Arts and Sciences, Batac City |
| 504 ## - BIBLIOGRAPHY, ETC. NOTE | |
| Bibliography, etc. note | Bibliography: leaves 39 |
| 942 ## - ADDED ENTRY ELEMENTS (KOHA) | |
| Source of classification or shelving scheme | |
| Koha item type | Thesis/Dissertation |
| Withdrawn status | Lost status | Source of classification or shelving scheme | Damaged status | Not for loan | Home library | Current library | Date acquired | Total Checkouts | Barcode | Date last seen | Price effective from | Koha item type | Public note |
|---|---|---|---|---|---|---|---|---|---|---|---|---|---|
| REF | REF | 05/31/2012 | 3318-Un | 10/10/2017 | 10/10/2017 | Thesis/Dissertation | Library Use only |